Catálogo
 En Linea

Confucio : (Registro nro. 42478)

Detalles MARC
000 -CABECERA
campo de control de longitud fija 00519nam a2200145 a 4500
001 - NÚMERO DE CONTROL
campo de control 000042989
005 - FECHA Y HORA DE LA ÚLTIMA TRANSACCIÓN
campo de control 20201002040544.0
008 - DATOS DE LONGITUD FIJA--INFORMACIÓN GENERAL
campo de control de longitud fija 140214s2004 sp a 000 0 spa d
020 ## - NÚMERO INTERNACIONAL ESTÁNDAR DEL LIBRO
Número Internacional Estándar del Libro 8476648499
040 ## - FUENTE DE LA CATALOGACIÓN
Centro catalogador/agencia de origen DO-SdBNP
Lengua de catalogación spa
Centro/agencia transcriptor BNPHU
245 10 - MENCIÓN DE TÍTULO
Título Confucio :
Resto del título el nacimento del humanismo en China, Musée national des Arts asiatiques-Guimet ; prólogo Jean-Paul Desroches.
260 ## - PUBLICACIÓN, DISTRIBUCIÓN, ETC.
Lugar de publicación, distribución, etc. Barcelona :
Nombre del editor, distribuidor, etc. Fundación "La Caixa,
Fecha de publicación, distribución, etc. 2004.
300 ## - DESCRIPCIÓN FÍSICA
Extensión 213 p. :
Otras características físicas il., lám. ;
Dimensiones 31 cm.
700 1# - PUNTO DE ACCESO ADICIONAL--NOMBRE DE PERSONA
Nombre de persona Desroches,Jean-Paul
Término indicativo de función/relación pról.
9 (RLIN) 70498
Existencias
Estado de retiro Estado de pérdida Restricciones de uso No para préstamo Código de colección Localización permanente Ubicación/localización actual Ubicación en estantería Fecha de adquisición Número de inventario Total de préstamos Signatura topográfica completa Código de barras Fecha visto por última vez Precio válido a partir de Tipo de ítem Koha
      Excluido de préstamo Monografías: Libros y Folletos General General En catalogación 14.02.2014 LF1   42989-10 25.06.2020 25.06.2020 No se presta

Con tecnología Koha